Memoria acerca de la Exposición Agrícola Provincial de Palencia de 1878 / (Record no. 22183)

MARC details
000 -LEADER
campo de control de longitud fija 00960nam a2200205 i 4500
001 - NÚMERO DE CONTROL
campo de control 22183
003 - IDENTIFICADOR DE NÚMERO DE CONTROL
campo de control ES-MaACL
005 - FECHA Y HORA DE LA ÚLTIMA TRANSACCIÓN
campo de control 20260201164420.0
007 - CAMPO FIJO DE DESCRIPCIÓN FÍSICA--INFORMACIÓN GENERAL
campo de control de longitud fija t|
008 - DATOS DE LONGITUD FIJA--INFORMACIÓN GENERAL
campo de control de longitud fija 030131s1878 sp ||||1| spa d
100 1# - ENTRADA PRINCIPAL--NOMBRE DE PERSONA
Nombre de persona Becerro de Bengoa, Ricardo,
Fechas asociadas al nombre 1845-1902
9 (RLIN) 26893
245 10 - MENCIÓN DEL TÍTULO
Título Memoria acerca de la Exposición Agrícola Provincial de Palencia de 1878 /
Mención de responsabilidad, etc. redactada por encargo de la Comisión Ejecutiva por Ricardo Becerro Bengoa y Santiago de Palacio y Rugama.
260 ## - PUBLICACIÓN, DISTRIBUCIÓN, ETC.
Lugar de publicación, distribución, etc. Palencia :
Nombre del editor, distribuidor, etc. [s.n.],
Fecha de publicación, distribución, etc. 1878 (
Fabricante Imprenta y Litografía de Alonso y Z. Menéndez)
300 ## - DESCRIPCIÓN FÍSICA
Extensión 106, [18] p., [1] h. pleg. :
Otras características físicas il. ;
Dimensiones 26 cm.
611 04 - PUNTO DE ACCESO ADICIONAL DE MATERIA--NOMBRE DE REUNIÓN/CONGRESO
Nombre de congreso/reunión o jurisdicción como elemento de entrada Exposición Agrícola Provincial de Palencia
Fecha del congreso o de la firma del tratado (1878)
9 (RLIN) 651
650 14 - PUNTO DE ACCESO ADICIONAL DE MATERIA--TÉRMINO DE MATERIA
Término de materia o nombre geográfico como elemento de entrada Agricultura-
Subdivisión geográfica Palencia-
Subdivisión de forma Congresos y asambleas.
9 (RLIN) 9689
700 1# - ENTRADA AGREGADA--NOMBRE PERSONAL
Nombre de persona Palacio y Rugama, Santiago.
9 (RLIN) 88383
852 ## - LOCALIZACIÓN
Ubicación ES-MaACL
Número de control de estantería T-666-F-10
Encuadernación .- Enc. hol. conservando la cub. original
Nota libre .- Enc. en un vol. facticio
Holdings
Estatus retirado Estado de pérdida Estado de daño No para préstamo Colección Biblioteca de origen Biblioteca actual Ubicación en estantería Fecha de adquisición Fuente de adquisición Total de préstamos Signatura topográfica completa Código de barras Visto por última vez Precio de reemplazo Tipo de ítem Koha
        Colección de folletos Biblioteca del Ateneo de Madrid Biblioteca del Ateneo de Madrid Depósito folletos 17/01/2008     T-666-F-10 1022823 23/02/2023 23/02/2023 Folleto